Talkh Tarsh Sherein (Record no. 530812)
[ view plain ]
| 000 -LEADER | |
|---|---|
| fixed length control field | 00210nam a2200097 4500 |
| 040 ## - CATALOGING SOURCE | |
| Transcribing agency | DLC |
| 082 ## - DEWEY DECIMAL CLASSIFICATION NUMBER | |
| Classification number | 891.4393 |
| Author Mark | MAN |
| 100 ## - MAIN ENTRY--PERSONAL NAME | |
| Personal name | Manto, Sadat Hassan |
| 9 (RLIN) | 23903 |
| 245 ## - TITLE STATEMENT | |
| Title | Talkh Tarsh Sherein |
| 942 ## - ADDED ENTRY ELEMENTS (KOHA) | |
| Source of classification or shelving scheme | |
| Koha item type | Book |
| Withdrawn status | Lost status | Source of classification or shelving scheme | Damaged status | Not for loan | Permanent Location | Current Location | Date acquired | Total Checkouts | Total Renewals | Full call number | Barcode | Date last seen | Date last checked out | Price effective from | Koha item type |
|---|---|---|---|---|---|---|---|---|---|---|---|---|---|---|---|
| School of Civil and Environmental Engineering (SCEE) | School of Civil and Environmental Engineering (SCEE) | 10/14/2019 | 1 | 1 | 891.4393 MAN | NIT-9746 | 01/21/2022 | 10/14/2019 | 10/14/2019 | Book |
